[Event "N3_Gr_12"]
[Site "?"]
[Date "2003.10.12"]
[Round "1.3"]
[White "Kljucanin, Sead"]
[Black "Etlicher, Dominique"]
[Result "0-1"]
[WhiteElo "2050"]
[BlackElo "1990"]
[PlyCount "102"]
[EventDate "2004.??.??"]

1. d4 Nf6 2. Nf3 e6 3. a3 c5 4. e3 b6 5. b3 Bb7 6. Bb2 Be7 7. Be2 O-O 8. O-O
Ne4 9. Nbd2 f5 10. c4 Bf6 11. Nxe4 Bxe4 12. Nd2 Bb7 13. Rb1 Qe7 14. f4 d6 15.
Bf3 Bxf3 16. Nxf3 Nd7 17. Qc2 g6 18. Rfe1 d5 19. Rbd1 Rac8 20. Qd3 Rfd8 21. Rc1
Bg7 22. Qe2 Nf6 23. dxc5 Rxc5 24. b4 Rcc8 25. Be5 dxc4 26. Rxc4 Qd7 27. h3 Ne4
28. Bxg7 Qxg7 29. Rxc8 Rxc8 30. Qa2 Qd7 31. Nd4 Qd5 32. Qb2 Qc4 33. b5 Rc5 34.
a4 Kf7 35. Nc6 Qc3 36. Qxc3 Rxc3 37. Rd1 Rxe3 38. Rd7+ Kg8 39. Rxa7 Re1+ 40.
Kh2 h5 41. h4 Ra1 42. Ne7+ Kf7 43. Nd5+ Kg8 44. Nxb6 g5 45. hxg5 h4 46. Nd7 Ng3
47. Nf6+ Kf8 48. Nd7+ Ke8 49. Nf6+ Kd8 50. Ra8+ Kc7 51. b6+ Kb7 0-1

[Event "N3_Gr_12"]
[Site "?"]
[Date "2003.10.12"]
[Round "1.4"]
[White "Zouaoui, Hamide"]
[Black "Michalak, Alain"]
[Result "1-0"]
[WhiteElo "2050"]
[BlackElo "2070"]
[PlyCount "65"]
[EventDate "2004.??.??"]

1. e4 c5 2. Nc3 e6 3. Bc4 a6 4. a4 Nc6 5. f4 d6 6. Nf3 Nf6 7. d3 Be7 8. O-O O-O
9. Bd2 d5 10. Ba2 dxe4 11. dxe4 Nb4 12. Bb1 b6 13. e5 Nd7 14. Ne4 Bb7 15. c3
Nd5 16. Nfg5 h6 17. Qh5 c4 18. Rf3 Nc5 19. Rg3 f5 20. exf6 Nxf6 21. Nxf6+ Rxf6
22. Bh7+ Kf8 23. Be3 Qc7 24. Bd4 hxg5 25. fxg5 e5 26. gxf6 Bxf6 27. Be3 Ne6 28.
Bf5 Ke7 29. Bxe6 Kxe6 30. Rd1 Rd8 31. Qg4+ Kf7 32. Rxd8 Qxd8 33. Qxc4+ 1-0

[Event "N3_Gr_12"]
[Site "?"]
[Date "2003.10.12"]
[Round "1.5"]
[White "Desterne, Romain"]
[Black "Tiero, Filbert"]
[Result "1/2-1/2"]
[WhiteElo "2050"]
[BlackElo "1910"]
[PlyCount "82"]
[EventDate "2004.??.??"]

1. d4 d5 2. c4 e6 3. Nc3 Nf6 4. cxd5 exd5 5. Bg5 Be7 6. Qc2 Nc6 7. e3 O-O 8. a3
Be6 9. Bd3 h6 10. Bh4 a6 11. Nge2 Nh5 12. Bxe7 Nxe7 13. O-O b5 14. Rae1 Qd7 15.
f3 f5 16. f4 Nf6 17. Kh1 Rac8 18. b4 Qe8 19. Ng1 Ne4 20. Nf3 Qh5 21. Bxe4 fxe4
22. Ne5 Rf6 23. Rg1 Bg4 24. h3 Be6 25. Kh2 g5 26. g4 Qe8 27. f5 Bf7 28. Ne2 Kh7
29. Rc1 c6 30. Qd2 Rc7 31. Kg2 h5 32. Rh1 h4 33. Rc3 Nc8 34. Rhc1 Nb6 35. Qe1
Nc4 36. Nxc4 dxc4 37. Qh1 Bd5 38. Qh2 Re7 39. R3c2 Qd8 40. Nc3 a5 41. Ra1 a4
1/2-1/2

[Event "N3_Gr_12"]
[Site "?"]
[Date "2003.10.12"]
[Round "1.6"]
[White "Lafrechoux, Laurent"]
[Black "Marie, Adrien"]
[Result "0-1"]
[WhiteElo "1750"]
[BlackElo "2040"]
[PlyCount "60"]
[EventDate "2004.??.??"]

1. e4 e6 2. f4 d5 3. Nc3 dxe4 4. Nxe4 Nd7 5. b3 Ngf6 6. Bd3 Nxe4 7. Bxe4 Qf6 8.
d4 Bb4+ 9. Kf2 Bc3 10. Be3 Bxa1 11. Qxa1 Nb6 12. Nf3 Nd5 13. Bd2 O-O 14. Rf1
Qe7 15. Ne5 Nf6 16. Bd3 b6 17. g4 Nxg4+ 18. Nxg4 Qh4+ 19. Ke3 Qxg4 20. Rg1 Qh3+
21. Kf2 Bb7 22. d5 f6 23. Be4 Bxd5 24. Bxd5 exd5 25. Rg2 Rae8 26. Kg1 Re6 27.
Qd4 Qf3 28. Rf2 Qe4 29. Qc3 c5 30. Qg3 f5 0-1

[Event "N3_Gr_12"]
[Site "?"]
[Date "2003.10.12"]
[Round "1.7"]
[White "Mademone, Mohamed"]
[Black "Treveys, Maxime"]
[Result "0-1"]
[WhiteElo "1720"]
[BlackElo "1730"]
[PlyCount "82"]
[EventDate "2004.??.??"]

1. d3 Nf6 2. e4 d6 3. Nf3 Nbd7 4. Be2 e6 5. O-O Be7 6. c3 O-O 7. Na3 e5 8. Nc2
Re8 9. Ne3 c6 10. Nf5 Bf8 11. h3 Nc5 12. b4 Bxf5 13. exf5 Na6 14. Bg5 Be7 15.
Qc2 Nd5 16. Bd2 Bf6 17. g4 h6 18. Rfe1 Nac7 19. Rad1 Nf4 20. Bxf4 exf4 21. d4
d5 22. Qd2 Qd6 23. h4 g5 24. fxg6 fxg6 25. g5 hxg5 26. hxg5 Bg7 27. Bd3 Rf8 28.
Qc2 Qd7 29. Nh2 f3 30. Kh1 Rf4 31. Rg1 Rh4 32. Rg3 Rh3 33. Rdg1 Re8 34. Rxf3
Rxf3 35. Nxf3 Qh3+ 36. Nh2 Rf8 37. Rg3 Qe6 38. Bxg6 Qe1+ 39. Kg2 Ne6 40. Nf1
Nf4+ 41. Kg1 Ne2+ 0-1

[Event "N3_Gr_12"]
[Site "?"]
[Date "2003.10.12"]
[Round "1.8"]
[White "Roncin, Cesar"]
[Black "Simisic, Zivko"]
[Result "1-0"]
[WhiteElo "1680"]
[BlackElo "1499"]
[PlyCount "62"]
[EventDate "2004.??.??"]

1. a3 e6 2. b4 g6 3. Bb2 Nf6 4. d3 Bg7 5. Nd2 d5 6. Ngf3 O-O 7. g3 b6 8. Bg2
Bb7 9. Nb3 Re8 10. Ne5 Nbd7 11. Nxd7 Qxd7 12. O-O a6 13. Qe1 Rab8 14. Be5 Rbc8
15. c4 Ba8 16. c5 Qa4 17. Qc3 Nh5 18. Bxg7 Nxg7 19. Rfc1 Qd7 20. f4 Rcd8 21.
cxb6 cxb6 22. Qc7 Qxc7 23. Rxc7 Rc8 24. Rac1 Rb8 25. Nd4 e5 26. fxe5 Ne6 27.
Nxe6 Rxe6 28. Rc8+ Re8 29. Rxb8 Rxb8 30. d4 Kf8 31. Rc7 Ke8 1-0

[Event "N3_Gr_12"]
[Site "?"]
[Date "2003.10.12"]
[Round "1.9"]
[White "Deat, Gaelle"]
[Black "Cayuela-Mosch, Renate"]
[Result "1/2-1/2"]
[WhiteElo "1240"]
[BlackElo "1499"]
[PlyCount "54"]
[EventDate "2004.??.??"]

1. c4 d6 2. d4 Nf6 3. Nc3 g6 4. Nf3 Bf5 5. e3 Bg7 6. Bd3 Bxd3 7. Qxd3 O-O 8.
O-O d5 9. Ne5 dxc4 10. Nxc4 e6 11. e4 Nc6 12. d5 Nb4 13. Qd1 exd5 14. exd5
Nbxd5 15. Qf3 c6 16. Rd1 b5 17. Ne5 Qd6 18. Bf4 Qe6 19. Re1 Qf5 20. Nxc6 Qxf4
21. Ne7+ Kh8 22. Nexd5 Qxf3 23. gxf3 b4 24. Nxb4 Nh5 25. Ncd5 Bxb2 26. Rab1 Bd4
27. Nc6 Bc5 1/2-1/2

[Event "N3_Gr_12"]
[Site "?"]
[Date "2003.10.12"]
[Round "1.1"]
[White "Cau, Benjamin"]
[Black "Girardon, Jerome"]
[Result "1-0"]
[WhiteElo "2133"]
[BlackElo "2180"]
[PlyCount "65"]
[EventDate "2004.??.??"]

1. e4 c6 2. d4 d5 3. exd5 cxd5 4. c4 Nf6 5. Nc3 g6 6. Nf3 Bg7 7. Bd3 Nc6 8. h3
O-O 9. O-O Nb4 10. Be2 Bf5 11. Bf4 dxc4 12. Bxc4 Nbd5 13. Nxd5 Nxd5 14. Be5 Bh6
15. Nh2 Rc8 16. Bb3 Qd7 17. Ng4 Bg5 18. f4 h5 19. fxg5 hxg4 20. Qe1 f6 21. hxg4
Bd3 22. gxf6 exf6 23. Rxf6 Rxf6 24. Bxf6 Bc4 25. Qh4 Nxf6 26. Qxf6 Qe8 27. Rf1
Bxb3 28. axb3 Rc2 29. d5 Rd2 30. d6 Rd3 31. Kh2 Rxb3 32. d7 Qxd7 33. Qf8+ 1-0

[Event "N3_Gr_12"]
[Site "?"]
[Date "2003.10.12"]
[Round "1.2"]
[White "Lauferon, Patrick"]
[Black "Savoya, Alexandre"]
[Result "1-0"]
[WhiteElo "2195"]
[BlackElo "2049"]
[PlyCount "59"]
[EventDate "2004.??.??"]

1. d4 e6 2. c4 f5 3. Nc3 Nf6 4. Nf3 d5 5. g3 c6 6. Bg2 Bd6 7. b3 Bb4 8. Bd2 Qa5
9. Nb1 O-O 10. a3 Bxd2+ 11. Nbxd2 dxc4 12. bxc4 Nbd7 13. O-O e5 14. Nb3 Qc7 15.
d5 cxd5 16. cxd5 Qd6 17. Ng5 Nb6 18. Ne6 Rf7 19. Rc1 e4 20. e3 Nbxd5 21. Nf4 g5
22. Nxd5 Qxd5 23. Qxd5 Nxd5 24. Rfd1 Nf6 25. Bf1 Rd7 26. Nd4 Rd6 27. Bc4+ Kf8
28. Bb3 Ke7 29. Rxc8 Rxc8 30. Nxf5+ 1-0

[Event "N3_Gr_12"]
[Site "?"]
[Date "2003.10.12"]
[Round "1.3"]
[White "Burdet, Francois"]
[Black "Bouchot, Frederic"]
[Result "0-1"]
[WhiteElo "2013"]
[BlackElo "2170"]
[PlyCount "20"]
[EventDate "2004.??.??"]

1. d4 Nc6 2. c4 e5 3. d5 Nce7 4. e4 Ng6 5. Nc3 Nf6 6. g3 Bc5 7. Nge2 Ng4 8. Be3
Bxe3 9. fxe3 Qf6 10. Qd2 Qf2+ 0-1

[Event "N3_Gr_12"]
[Site "?"]
[Date "2003.10.12"]
[Round "1.4"]
[White "Perisse, Loic"]
[Black "Covolo, Thierry"]
[Result "1-0"]
[WhiteElo "2030"]
[BlackElo "1960"]
[PlyCount "71"]
[EventDate "2004.??.??"]

1. e4 c5 2. c3 Nf6 3. e5 Nd5 4. Bc4 Nb6 5. Bb3 c4 6. Bc2 Nc6 7. Qe2 Qc7 8. Nf3
g6 9. Na3 Na5 10. O-O Bg7 11. Nb5 Qc5 12. Nd6+ Kf8 13. Ne4 Qc7 14. Ng3 Nc6 15.
Re1 d6 16. exd6 Qxd6 17. h3 Be6 18. b4 Nxb4 19. Ba3 Qxg3 20. fxg3 Nxc2 21. Bb2
Nxa1 22. Rxa1 Bf6 23. g4 h6 24. Ba3 Kg7 25. Rb1 Rhd8 26. Bc5 Rd7 27. Bd4 Rd6
28. Bxf6+ exf6 29. Nd4 Rad8 30. Rb2 Bd5 31. Nb5 Re6 32. Qf2 Rde8 33. Nd4 Re1+
34. Kh2 Na4 35. Rb5 R8e5 36. Rxd5 1-0

[Event "N3_Gr_12"]
[Site "?"]
[Date "2003.10.12"]
[Round "1.5"]
[White "Merrheim, Xavier"]
[Black "Jallerat, Denis"]
[Result "1/2-1/2"]
[WhiteElo "1940"]
[BlackElo "1980"]
[PlyCount "104"]
[EventDate "2004.??.??"]

1. e4 e6 2. d4 d5 3. e5 c5 4. c3 Qb6 5. Nf3 Bd7 6. Be2 cxd4 7. cxd4 Bb5 8. O-O
Bxe2 9. Qxe2 Qa6 10. Qxa6 Nxa6 11. Nc3 Ne7 12. a3 Rc8 13. Nb5 Nc6 14. b4 Nc7
15. Nxc7+ Rxc7 16. Be3 h6 17. Rac1 Kd7 18. Nd2 Be7 19. Nb3 Rhc8 20. f4 b6 21.
Kf2 Nd8 22. Rxc7+ Rxc7 23. Rc1 Nb7 24. Ke2 Rxc1 25. Bxc1 Kc6 26. Kd3 Kb5 27.
Kc3 a5 28. bxa5 bxa5 29. Na1 Ka4 30. Nc2 Nd8 31. g4 Nc6 32. f5 Na7 33. f6 Nb5+
34. Kd3 gxf6 35. Bxh6 Nxa3 36. exf6 Bxf6 37. g5 Be7 38. Nxa3 Kxa3 39. Kc2 Kb4
40. h4 Kb5 41. h5 Kc4 42. g6 fxg6 43. hxg6 Bf6 44. g7 Bxg7 45. Bxg7 a4 46. Kb2
Kb4 47. Ka2 Kb5 48. Ka3 Ka5 49. Bf8 Kb5 50. Bg7 Ka5 51. Kb2 Kb4 52. Kc2 Kc4
1/2-1/2

[Event "N3_Gr_12"]
[Site "?"]
[Date "2003.10.12"]
[Round "1.6"]
[White "Mangone, Pierre"]
[Black "Didier, Eric"]
[Result "0-1"]
[WhiteElo "2025"]
[BlackElo "1990"]
[PlyCount "66"]
[EventDate "2004.??.??"]

1. e4 c5 2. d4 cxd4 3. c3 Nf6 4. e5 Nd5 5. cxd4 d6 6. Qb3 e6 7. Nf3 Qc7 8. Bd2
Nc6 9. Bb5 Bd7 10. O-O Be7 11. Rc1 Qb6 12. Na3 a6 13. Bxc6 Bxc6 14. Qd3 Qd8 15.
Rc2 O-O 16. Rac1 dxe5 17. dxe5 Nb4 18. Qxd8 Rfxd8 19. Bxb4 Bxb4 20. Nc4 Be4 21.
Re2 Bd3 22. Re3 Bxc4 23. Re4 b5 24. b3 Ba3 25. Rce1 Bd5 26. Rg4 Bxf3 27. gxf3
Rd2 28. h4 Bc5 29. Rf1 Rad8 30. h5 h6 31. a4 Rb2 32. Kh1 Rxb3 33. Rfg1 Bf8 0-1

[Event "N3_Gr_12"]
[Site "?"]
[Date "2003.10.12"]
[Round "1.7"]
[White "Zilliox, Claude"]
[Black "Moreira, Philippe"]
[Result "1-0"]
[WhiteElo "1970"]
[BlackElo "2032"]
[PlyCount "69"]
[EventDate "2004.??.??"]

1. d4 Nf6 2. c4 e6 3. Nf3 c5 4. e3 a6 5. Nc3 d5 6. Bd3 dxc4 7. Bxc4 b5 8. Bd3
Bb7 9. O-O Nbd7 10. b3 Bd6 11. Bb2 O-O 12. Rc1 Qb6 13. Ne2 Rac8 14. Ng3 Qa5 15.
Bb1 Rfd8 16. Qe2 cxd4 17. Nxd4 Nc5 18. Nh5 Nce4 19. Nxf6+ Nxf6 20. e4 Rxc1 21.
Rxc1 Ba3 22. e5 Bxb2 23. Qxb2 Ng4 24. b4 Qb6 25. Nf3 g6 26. h3 Bxf3 27. gxf3
Nh6 28. Be4 Rd4 29. Rc6 Rd1+ 30. Kg2 Qd8 31. f4 Qh4 32. Qe2 Rd4 33. Qe3 Rxb4
34. Rc8+ Kg7 35. Qc5 1-0

[Event "N3_Gr_12"]
[Site "?"]
[Date "2003.10.12"]
[Round "1.8"]
[White "Romieu, Flore"]
[Black "Noharet, Michael"]
[Result "0-1"]
[WhiteElo "1976"]
[BlackElo "1810"]
[PlyCount "76"]
[EventDate "2004.??.??"]

1. e4 e6 2. d4 d5 3. Nc3 Bb4 4. e5 Ne7 5. Nf3 c5 6. a3 Bxc3+ 7. bxc3 Nbc6 8.
Bb5 Qa5 9. Bxc6+ bxc6 10. Bd2 Ba6 11. c4 Qa4 12. cxd5 cxd5 13. c3 Qc4 14. Rc1
O-O 15. Bg5 Ng6 16. Nd2 Qd3 17. Qf3 Rfc8 18. Qxd3 Bxd3 19. Nb3 cxd4 20. cxd4 h6
21. Be3 Rxc1+ 22. Bxc1 Rc8 23. Kd2 Bf5 24. f3 Rc2+ 25. Kd1 Rxg2 26. Nd2 Nf4 27.
h4 Nd3 28. Rf1 Rh2 29. Nb3 Nxc1 30. Nxc1 Rxh4 31. f4 Rh3 32. Rf2 Rxa3 33. Rb2
h5 34. Rb8+ Kh7 35. Rb7 h4 36. Ne2 h3 37. Kd2 h2 38. Rb1 Bxb1 0-1

[Event "N3_Gr_12"]
[Site "?"]
[Date "2003.10.12"]
[Round "1.9"]
[White "Baudin, Sandrine"]
[Black "Romieu, Jean-Louis"]
[Result "1-0"]
[WhiteElo "1710"]
[BlackElo "1974"]
[PlyCount "65"]
[EventDate "2004.??.??"]

1. e4 c5 2. Nf3 e6 3. d4 cxd4 4. Nxd4 a6 5. Nc3 Qc7 6. a3 b5 7. g3 Bb7 8. Bg2
Nf6 9. O-O Nc6 10. Nxc6 Bxc6 11. Bg5 Be7 12. Re1 d6 13. Qe2 O-O 14. e5 dxe5 15.
Qxe5 Bd6 16. Qd4 e5 17. Qh4 Bxg2 18. Bxf6 gxf6 19. Kxg2 Qc6+ 20. Kg1 Be7 21.
Qh5 Qe6 22. f4 Bc5+ 23. Kg2 Bd4 24. f5 Qc6+ 25. Ne4 Bxb2 26. Qh6 a5 27. Kh3 Ra6
28. Rad1 Bd4 29. c3 Bxc3 30. Nxc3 Qxc3 31. Re4 Qf3 32. Rg4+ Kh8 33. Qg7# 1-0

[Event "N3_Gr_12"]
[Site "?"]
[Date "2003.11.15"]
[Round "2.1"]
[White "Garcia, Olivier"]
[Black "Rue, Pascal"]
[Result "1/2-1/2"]
[WhiteElo "2243"]
[BlackElo "2138"]
[PlyCount "83"]
[EventDate "2004.??.??"]

1. Nf3 Nf6 2. c4 g6 3. g3 Bg7 4. Bg2 O-O 5. Nc3 d6 6. d4 Nc6 7. O-O a6 8. h3
Rb8 9. Be3 Bd7 10. a4 a5 11. Rc1 Nb4 12. Qd2 c6 13. Rfd1 Qc8 14. Kh2 h5 15. Bg5
Qd8 16. e4 Nh7 17. Bf4 Be6 18. Qe2 Rc8 19. d5 cxd5 20. cxd5 Bd7 21. e5 Qb6 22.
Nd4 dxe5 23. Bxe5 Nf6 24. Ndb5 Bh6 25. f4 Bxb5 26. axb5 Nd7 27. Na4 Qd8 28. Bd4
Rxc1 29. Rxc1 h4 30. Nc5 hxg3+ 31. Kxg3 Nxc5 32. Rxc5 b6 33. Rc6 Nxd5 34. Qc4
Nxf4 35. Bf3 e6 36. h4 Nd5 37. Bxd5 exd5 38. Qd3 Qe7 39. Rxb6 Qe1+ 40. Kg2 Bg7
41. Bxg7 Kxg7 42. Qd4+ 1/2-1/2

[Event "N3_Gr_12"]
[Site "?"]
[Date "2003.11.15"]
[Round "2.2"]
[White "Genevrier, Pascal"]
[Black "Leroy, Christophe"]
[Result "1/2-1/2"]
[WhiteElo "2170"]
[BlackElo "2161"]
[PlyCount "44"]
[EventDate "2004.??.??"]

1. e4 e5 2. Bc4 Nf6 3. d3 c6 4. Nf3 d5 5. Bb3 Bd6 6. exd5 cxd5 7. O-O O-O 8.
Re1 Nc6 9. Nc3 d4 10. Ne4 Nxe4 11. Rxe4 Bf5 12. Re1 Qc7 13. Ng5 Na5 14. Qf3 Bg6
15. Re2 Nxb3 16. axb3 h6 17. Ne4 Be7 18. Qg3 Kh7 19. Ra4 b5 20. Ra6 Qb7 21.
Rxg6 fxg6 22. Qxe5 Bf6 1/2-1/2

[Event "N3_Gr_12"]
[Site "?"]
[Date "2003.11.15"]
[Round "2.3"]
[White "Lacour, Serge"]
[Black "Michalak, Alain"]
[Result "1-0"]
[WhiteElo "2124"]
[BlackElo "2070"]
[PlyCount "95"]
[EventDate "2004.??.??"]

1. d4 Nf6 2. c4 g6 3. Nc3 Bg7 4. e4 d6 5. Bd3 O-O 6. Nge2 Nc6 7. O-O e5 8. d5
Nd4 9. Nxd4 exd4 10. Nb5 Ne8 11. Bc2 Qf6 12. f4 a6 13. e5 dxe5 14. fxe5 Qb6 15.
Nxd4 Bxe5 16. Be3 Qxb2 17. Qd3 Qb4 18. Rab1 Qd6 19. Nf3 Bg7 20. c5 Qd8 21. Qd2
Nf6 22. Rbd1 Bg4 23. h3 Bxf3 24. Rxf3 Nd7 25. Bb3 Ne5 26. Rf2 Qd7 27. Bd4 Qb5
28. Qc3 Rae8 29. a4 Qd7 30. Rdf1 Kh8 31. c6 bxc6 32. dxc6 Qxd4 33. Qxd4 Nf3+
34. Rxf3 Bxd4+ 35. Kh1 f6 36. Rd3 Be5 37. Bc4 a5 38. Rd7 Rb8 39. Rd5 Bc3 40.
Rf3 Rb1+ 41. Kh2 Bb4 42. Bb5 f5 43. Rd7 Re8 44. Rfd3 Ree1 45. Rxc7 Rh1+ 46. Kg3
Be1+ 47. Kf4 Rb4+ 48. Kg5 1-0

[Event "N3_Gr_12"]
[Site "?"]
[Date "2003.11.15"]
[Round "2.4"]
[White "Vidal, Guillaume"]
[Black "Mulas, Gianmmarco"]
[Result "1/2-1/2"]
[WhiteElo "2094"]
[BlackElo "2125"]
[PlyCount "36"]
[EventDate "2004.??.??"]

1. d4 d5 2. c4 e6 3. Nf3 c5 4. cxd5 exd5 5. Nc3 Nc6 6. e3 Nf6 7. dxc5 Bxc5 8.
Be2 O-O 9. O-O a6 10. Qc2 Qd6 11. Rd1 Bg4 12. a3 Rfd8 13. b4 Ba7 14. Bb2 b5 15.
h3 Bh5 16. Qb3 Rac8 17. Rd2 Bb8 18. Rad1 d4 1/2-1/2

[Event "N3_Gr_12"]
[Site "?"]
[Date "2003.11.15"]
[Round "2.5"]
[White "Caffenne, Philippe"]
[Black "Lauradoux, Cedric"]
[Result "0-1"]
[WhiteElo "2078"]
[BlackElo "2121"]
[PlyCount "72"]
[EventDate "2004.??.??"]

1. e4 c5 2. Nf3 Nc6 3. Bb5 e6 4. O-O Nge7 5. c3 a6 6. Bxc6 Nxc6 7. d4 d5 8.
exd5 Qxd5 9. Re1 cxd4 10. cxd4 Bb4 11. Nc3 Bxc3 12. bxc3 O-O 13. a4 Bd7 14. Qd3
b5 15. Ng5 f5 16. Ba3 Rfe8 17. axb5 axb5 18. Bc5 Rxa1 19. Rxa1 e5 20. Re1 e4
21. Qg3 Ne5 22. Nh3 Nc4 23. Nf4 Qc6 24. Nh5 g6 25. Nf4 Bc8 26. h4 Kf7 27. h5
Bb7 28. hxg6+ hxg6 29. Nxg6 e3 30. f3 Rg8 31. Ne5+ Nxe5 32. Qxe5 Rxg2+ 33. Kh1
Qxf3 34. Qe7+ Kg6 35. Qe8+ Kh7 36. Qxe3 Qh5+ 0-1

[Event "N3_Gr_12"]
[Site "?"]
[Date "2003.11.15"]
[Round "2.6"]
[White "Desterne, Romain"]
[Black "Vidalinc, Jean-Louis"]
[Result "1-0"]
[WhiteElo "2050"]
[BlackElo "2040"]
[PlyCount "71"]
[EventDate "2004.??.??"]

1. d4 Nf6 2. c4 e6 3. Nc3 Bb4 4. Qc2 O-O 5. a3 Bxc3+ 6. Qxc3 b6 7. Bg5 Ba6 8.
Qf3 Nc6 9. e3 Bb7 10. Bd3 d6 11. Rd1 Re8 12. Be4 d5 13. cxd5 exd5 14. Bc2 Qd6
15. Bxf6 Qxf6 16. Qxf6 gxf6 17. Ne2 Na5 18. Bf5 Bc8 19. Bd3 Nc4 20. b3 Nd6 21.
Rc1 Re7 22. Nf4 Be6 23. O-O Rd8 24. Rc6 f5 25. Rfc1 Ne8 26. Nh5 Rdd7 27. Bb5
Kf8 28. R6c3 Rd8 29. Bxe8 Rexe8 30. Rxc7 Rc8 31. Nf6 Rxc7 32. Rxc7 Rc8 33.
Rxc8+ Bxc8 34. Nxh7+ Kg7 35. Ng5 f6 36. Nh3 1-0

[Event "N3_Gr_12"]
[Site "?"]
[Date "2003.11.15"]
[Round "2.7"]
[White "Soubrier, Aude"]
[Black "Kljucanin, Sead"]
[Result "1/2-1/2"]
[WhiteElo "2070"]
[BlackElo "2050"]
[PlyCount "83"]
[EventDate "2004.??.??"]

1. e4 d5 2. exd5 Qxd5 3. Nc3 Qa5 4. d4 c6 5. Bc4 Nf6 6. Bd2 Qc7 7. Nf3 Bf5 8.
Ne5 e6 9. Qe2 h6 10. O-O-O a6 11. g4 Bh7 12. f4 Nd5 13. f5 Bd6 14. fxe6 fxe6
15. Nd3 O-O 16. Qxe6+ Kh8 17. Nxd5 cxd5 18. Qxd5 Bg8 19. Ba5 Bf4+ 20. Kb1 Qc8
21. Qc5 Qxc5 22. dxc5 Bxc4 23. Nxf4 Rxf4 24. Rd8+ Kh7 25. Bc7 Rxg4 26. Rxb8
Rxb8 27. Bxb8 Bd5 28. Rd1 Bf3 29. Rf1 Be4 30. a3 Rg2 31. Be5 Rxc2 32. Ka1 Rxc5
33. Bc3 g5 34. Rf7+ Kg6 35. Re7 Bc6 36. Re6+ Kh5 37. Kb1 Bd7 38. Rd6 Bf5+ 39.
Kc1 Rc6 40. Rxc6 bxc6 41. Bd4 Kg4 42. Kd2 1/2-1/2

[Event "N3_Gr_12"]
[Site "?"]
[Date "2003.11.15"]
[Round "2.8"]
[White "Marie, Adrien"]
[Black "Le Roux, Yann-Erle"]
[Result "0-1"]
[WhiteElo "2040"]
[BlackElo "2058"]
[PlyCount "84"]
[EventDate "2004.??.??"]

1. e4 c6 2. d4 d5 3. exd5 cxd5 4. Nf3 Nf6 5. Bd3 Bg4 6. Bf4 e6 7. Nbd2 Nc6 8.
c3 Be7 9. Qb3 Qc8 10. O-O O-O 11. Rfe1 b6 12. Ne5 Nxe5 13. Bxe5 Bh5 14. a4 Bg6
15. Bxg6 hxg6 16. a5 Qc6 17. Nf3 Nd7 18. Bg3 Bd6 19. Bxd6 Qxd6 20. Ne5 Rfb8 21.
Qc2 b5 22. Re3 Rc8 23. Rae1 Re8 24. Qd3 a6 25. Rg3 Nf8 26. Rf3 Ra7 27. Rfe3 Rc7
28. Nf3 Nd7 29. Ne5 Nxe5 30. Rxe5 Rc4 31. b3 Rc6 32. b4 Qc7 33. Rc1 Rc8 34. Re3
Rc4 35. Qb1 Rxd4 36. g3 Rc4 37. Qb2 Qd6 38. Rd1 R8c6 39. Red3 Qc7 40. Qd2 Qc8
41. Qc2 Rxb4 42. Qe2 Rbc4 0-1

[Event "N3_Gr_12"]
[Site "?"]
[Date "2003.11.15"]
[Round "2.9"]
[White "Tissot, Alice"]
[Black "Deat, Gaelle"]
[Result "1-0"]
[WhiteElo "1930"]
[BlackElo "1240"]
[PlyCount "72"]
[EventDate "2004.??.??"]

1. e4 c5 2. c3 e5 3. Nf3 Nc6 4. d4 d6 5. dxe5 Qc7 6. exd6 Bxd6 7. Be3 Nf6 8.
Nbd2 O-O 9. Nc4 Nxe4 10. Nxd6 Nxd6 11. Bxc5 Rd8 12. Qc2 Re8+ 13. Be2 Bf5 14.
Qd2 Ne4 15. Qd5 g6 16. Be3 Rad8 17. Qc4 Nd6 18. Qh4 Re4 19. Qh6 f6 20. Bf4 Qe7
21. Ng1 Nf7 22. Qh4 g5 23. Qg3 Rxf4 24. f3 Nce5 25. h4 Nd3+ 26. Kf1 Nxb2 27.
hxg5 fxg5 28. Nh3 Rh4 29. f4 h6 30. Qf2 b5 31. fxg5 hxg5 32. Qxf5 Rd2 33. Bf3
Rh6 34. Re1 Qd8 35. Bh5 Rf6 36. Bxf7+ Rxf7 1-0

[Event "N3_Gr_12"]
[Site "?"]
[Date "2003.11.15"]
[Round "2.1"]
[White "Rouler, Charly"]
[Black "Cau, Benjamin"]
[Result "1-0"]
[WhiteElo "2252"]
[BlackElo "2133"]
[PlyCount "73"]
[EventDate "2004.??.??"]

1. d4 d5 2. c4 c6 3. Nf3 Nf6 4. Nc3 dxc4 5. e4 b5 6. e5 Nd5 7. a4 Nxc3 8. bxc3
e6 9. Ng5 Be7 10. Qh5 Bxg5 11. Bxg5 Qa5 12. Bd2 Nd7 13. Be2 Bb7 14. O-O Qc7 15.
Qg5 Rg8 16. Qh4 Rh8 17. Qg5 Rg8 18. f4 Nf8 19. f5 exf5 20. Qxf5 Bc8 21. Qf2 Be6
22. axb5 cxb5 23. Bf3 Rd8 24. d5 Bxd5 25. Rxa7 Qc6 26. Bxd5 Qxd5 27. e6 f6 28.
e7 Rd7 29. exf8=Q+ Kxf8 30. Rxd7 Qxd7 31. Ra1 Qc6 32. Ra7 g5 33. Qd4 Rg6 34.
Bc1 Qe8 35. Ba3+ Kg8 36. Qd5+ Kh8 37. Ra8 1-0

[Event "N3_Gr_12"]
[Site "?"]
[Date "2003.11.15"]
[Round "2.2"]
[White "Savoya, Alexandre"]
[Black "Chassain, Denis"]
[Result "0-1"]
[WhiteElo "2049"]
[BlackElo "2330"]
[PlyCount "58"]
[EventDate "2004.??.??"]

1. f4 Nf6 2. Nf3 d6 3. e3 g6 4. d4 Bg7 5. Bd3 O-O 6. O-O Nc6 7. c3 e5 8. e4
exd4 9. Nxd4 Nd7 10. Nxc6 bxc6 11. Be3 c5 12. Nd2 Qe7 13. Qc2 a5 14. Rad1 Bb7
15. Rfe1 Bc6 16. b4 axb4 17. cxb4 Ba4 18. Nb3 cxb4 19. Qxc7 Bc3 20. e5 Bxe1 21.
Rxe1 dxe5 22. Bc5 Qd8 23. Qxd8 Rfxd8 24. Bxb4 Bxb3 25. axb3 Nc5 26. Bxc5 Rxd3
27. b4 exf4 28. Re4 g5 29. Bd4 f5 0-1

[Event "N3_Gr_12"]
[Site "?"]
[Date "2003.11.15"]
[Round "2.3"]
[White "Duluc, Jeremie"]
[Black "Burdet, Francois"]
[Result "0-1"]
[WhiteElo "2195"]
[BlackElo "2013"]
[PlyCount "48"]
[EventDate "2004.??.??"]

1. Nf3 d5 2. e3 Bf5 3. c4 Nf6 4. Qb3 b6 5. Nc3 e6 6. Nd4 Be4 7. f3 dxc4 8. Qa4+
c6 9. fxe4 b5 10. Ndxb5 cxb5 11. Qxb5+ Nbd7 12. Bxc4 Qc7 13. d4 Rb8 14. Qa4 Rb4
15. Qd1 Qxc4 16. Rf1 e5 17. a3 Rb3 18. Qe2 Rxc3 19. bxc3 Qxc3+ 20. Kf2 Qxa1 21.
Qc2 Be7 22. d5 O-O 23. Bb2 Ng4+ 24. Ke2 Qxf1+ 0-1

[Event "N3_Gr_12"]
[Site "?"]
[Date "2003.11.15"]
[Round "2.4"]
[White "Covolo, Thierry"]
[Black "Piat, Jerome"]
[Result "0-1"]
[WhiteElo "1960"]
[BlackElo "2085"]
[PlyCount "108"]
[EventDate "2004.??.??"]

1. e4 c5 2. Nf3 Nc6 3. d4 cxd4 4. Nxd4 Nf6 5. Nc3 e5 6. Ndb5 d6 7. Bg5 a6 8.
Na3 b5 9. Nd5 Be7 10. Bxf6 Bxf6 11. c3 O-O 12. Nc2 Rb8 13. a4 bxa4 14. Ncb4
Nxb4 15. Nxb4 Bb7 16. Qxa4 a5 17. Nc6 Bxc6 18. Qxc6 Rxb2 19. Bc4 Qb6 20. Qxb6
Rxb6 21. Bd5 Bg5 22. h4 Bd8 23. O-O Rb8 24. g3 g6 25. h5 Kg7 26. Kg2 f5 27.
hxg6 hxg6 28. exf5 gxf5 29. Rh1 Rb5 30. c4 Rb4 31. Rh5 Kg6 32. Rah1 Bg5 33. Rh7
Rb2 34. Rd7 Rf6 35. Rh8 e4 36. Rg8+ Kh6 37. Rgg7 Be3 38. Rh7+ Kg5 39. Bf7 Rxf2+
40. Kh3 Rh6+ 41. Rxh6 Kxh6 42. Rxd6+ Kg7 43. Bd5 Rf1 44. Ra6 Bd2 45. Kg2 Rc1
46. Be6 e3 47. Kf3 Rf1+ 48. Ke2 Rf2+ 49. Kd3 Bc1 50. Rxa5 Rd2+ 51. Kxe3 Ra2+
52. Kd4 Rxa5 53. c5 Kf6 54. Bd7 Bb2+ 0-1

[Event "N3_Gr_12"]
[Site "?"]
[Date "2003.11.15"]
[Round "2.5"]
[White "Bonnamour, Matthieu"]
[Black "Merrheim, Xavier"]
[Result "1/2-1/2"]
[WhiteElo "2049"]
[BlackElo "1940"]
[PlyCount "61"]
[EventDate "2004.??.??"]

1. e4 d5 2. exd5 Qxd5 3. Nc3 Qa5 4. d4 Nf6 5. Nf3 Bf5 6. Ne5 c6 7. Nc4 Qc7 8.
Qf3 Bg4 9. Bf4 Bxf3 10. Bxc7 Bh5 11. Bf4 e6 12. Bd3 Nbd7 13. O-O O-O-O 14. b4
Nd5 15. Nxd5 cxd5 16. Na5 Nb8 17. a3 Bd6 18. Be3 Bg6 19. Be2 b6 20. Nb3 Kd7 21.
c4 dxc4 22. Bxc4 Rc8 23. Rac1 Rxc4 24. Rxc4 Bd3 25. Nd2 Bxc4 26. Nxc4 Nc6 27.
b5 Ne7 28. a4 Nd5 29. Rc1 Rc8 30. g3 f6 31. Kg2 1/2-1/2

[Event "N3_Gr_12"]
[Site "?"]
[Date "2003.11.15"]
[Round "2.6"]
[White "Didier, Eric"]
[Black "Lageyre, Pascal"]
[Result "0-1"]
[WhiteElo "1990"]
[BlackElo "1890"]
[PlyCount "77"]
[EventDate "2004.??.??"]

1. e4 e6 2. d4 d5 3. Nd2 Nf6 4. e5 Nfd7 5. Bd3 c5 6. c3 Nc6 7. Ne2 Qb6 8. Nf3
cxd4 9. cxd4 f6 10. Nf4 fxe5 11. dxe5 Bb4+ 12. Bd2 Bxd2+ 13. Qxd2 Ndxe5 14.
Nxe5 Nxe5 15. Be2 O-O 16. O-O Bd7 17. Nh5 Rf7 18. Qc3 Qd6 19. Qg3 Raf8 20. Qg5
d4 21. Qg3 g6 22. Bd3 Qd5 23. Rad1 Nxd3 24. Rxd3 Qxh5 25. Rxd4 Bc6 26. Rh4 Qf5
27. Rg4 Rd8 28. h4 Rd3 29. f3 Kg7 30. Rg5 Qf4 31. Qh3 Bd5 32. Rg4 Qe3+ 33. Kh1
Rf4 34. Rg5 h6 35. Rg3 Qd4 36. Rg4 Rxg4 37. Qxg4 Qxg4 38. fxg4 Rd2 39. Rg1 0-1